Зи Дагъустан. [Кн. 1] (Запись № 12174196)

Подробности
000 -МАРКЕР
контрольное поле 00975nam2a2200217 4500
001 - ИДЕНТИФИКАТОР ЗАПИСИ
контрольное поле RU\NLR\BIBL_A\012490008
005 - ИДЕНТИФИКАТОР ВЕРСИИ
контрольное поле 20250624050215.0
035 ## - ДРУГИЕ СИСТЕМНЫЕ НОМЕРА
Идентификатор записи (NLR Aleph) 012490008
100 ## - ДАННЫЕ ОБЩЕЙ ОБРАБОТКИ
Данные общей обработки 20210330d1975 |||y0rusy50 ca
101 1# - ЯЗЫК РЕСУРСА
Язык текста, звукозаписи и т.д. лезгинский
Язык оригинала аварский
102 ## - СТРАНА ПУБЛИКАЦИИ ИЛИ ПРОИЗВОДСТВА
Страна публикации Российская Федерация
105 ## - ПОЛЕ КОДИРОВАННЫХ ДАННЫХ: ТЕКСТОВЫЕ МАТЕРИАЛЫ, МОНОГРАФИЧЕСКИЕ
Кодированные данные о монографическом текстовом документе c z 000ay
200 0# - ЗАГЛАВИЕ И СВЕДЕНИЯ ОБ ОТВЕТСТВЕННОСТИ
Основное заглавие [Кн. 1]
210 ## - ПУБЛИКАЦИЯ, РАСПРОСТРАНЕНИЕ И ДР.
Дата издания, распространения и т.д. 1975
Место издания, распространения и т.д. Б. м.
215 ## - ФИЗИЧЕСКАЯ ХАРАКТЕРИСТИКА
Специфическое обозначение материала и объем 340,[1] с.
Другие сведения о физической характеристике портр.
461 #0 - УРОВЕНЬ НАБОРА
Встроенное поле 001RU\NLR\BIBL_A\012490031
-- 2001#$aЗи Дагъустан$fРасул Гьамзатов$g[авар чIалай пер. авурди М. Гьажиев]$v[Кн. 1]
-- 700#1$aГамзатов$bР.Г.$f1923-2003$gРасул Гамзатович$4070$3RU\NLR\AUTH\7731147
Системный номер (АБИС) связанной записи 12174320
Автор Гамзатов, Р. Г. (1923-2003)
Место публикации Махачкала
Дата публикации 1975-1977
Первые сведения об ответственности Расул Гьамзатов
Имя издателя, распространителя и т.д. Даг. кн. изд-во
Заглавие Зи Дагъустан
Номер тома [Кн. 1]
852 ## - МЕСТОНАХОЖДЕНИЕ И ШИФР ХРАНЕНИЯ
Идентификатор организации NLR
Наименование фонда или коллекции (Sub-Location Identifier) ОНЛ
Шифр хранения (Call Number) Лезг./1-217
942 ## - ДОПОЛНИТЕЛЬНЫЕ ЭЛЕМЕНТЫ ЗАПИСИ (АБИС)
Тип экземпляра АБИС Книга
980 ## - КОЛЛЕКЦИЯ
Название коллекции Национальная библиография
Экземпляры
Тип экземпляра Дата поступления Библиотека постоянного хранения Библиотека текущего хранения Место хранения Шифр хранения Штрих-код Статус экземпляра
Книга 30.03.2021 РНБ (Московский) РНБ (Московский) Фонд национальных литератур ОНЛ Лезг./1-217 1-2982486